| 000 | 00661nam a2200181Ia 4500 | ||
|---|---|---|---|
| 008 | 151018s9999 xx 000 0 und d | ||
| 082 |
_bRBASDV24354 _a891.468 |
||
| 100 | _aउषादेवी विजय कोल्हाटकर | ||
| 245 | _aखेळ भावनांचा | ||
| 250 | _b1 | ||
| 260 |
_bअनुबंध प्रकाशन _c1992 |
||
| 300 | _a144 | ||
| 600 | _aउषादेवी विजय कोल्हाटकर | ||
| 630 | _aखेळ भावनांचा | ||
| 700 | _aउषादेवी विजय कोल्हाटकर | ||
| 730 | _aखेळ भावनांचा | ||
| 942 | _cBOOK | ||
| 999 |
_c1023999 _d1023996 |
||